pretty little liars cast - Statistics

General Stats
  • This quiz has been taken 356 times
    278 since last reset
  • The average score is 14 of 50
Answer Stats
Hint Answer % Correct
aria montgomery lucy hale
93%
emily fields shay mitchell
90%
hanna marin ashley benson
83%
spencer hastings troian bellisario
73%
ezra fitzgerald ian harding
71%
alison dilaurentis sasha pieterse
60%
mona vanderwaal janel parrish
58%
toby cavanaugh keegan allen
58%
caleb rivers tyler blackburn
58%
cece drake vanessa ray
38%
jason dilaurentis drew van acker
37%
byron montgomery chad lowe
36%
maya st germain bianca lawson
34%
paige mcCullers Lindsay shaw
34%
ashley marin laura leighton
33%
jessica dilaurentis andrea parker
28%
mary drake andrea parker
28%
samara cook claire holt
28%
pam fields nia peeples
28%
veronica hastings lesley fera
27%
noel kahn brant daugherty
26%
wren kingston julian morris
23%
peter hastings nolan north
23%
meredith sorenson amanda schull
19%
linda tanner roma maffia
18%
sydney driscoll chloe bridges
17%
darren wilden bryce johnson
16%
wayne fields eric steinberg
16%
ian thomas ryan merriman
16%
jake ryan guzman
14%
mike montgomery cody allen christian
13%
jackie molina paloma guzman
13%
maggie larisa oleynik
12%
holden strauss shane coffey
12%
wesley fitzgerald greg sulkin
11%
ella montgomery holly m combs
11%
gabriel holbrook sean faris
11%
kenneth dilaurentis jim abele
10%
marco furey nicholas gonzalez
10%
shana fring aeriel miranda
9%
elliot/archer rollins/dunhill huw collins
9%
talia sandoval miranda rae mayo
9%
sabrina lulu brud
8%
eric kahn robbie amell
8%
nicole gordon rebecca breeds
7%
liam greene roberto aguire
6%
simone alona tal
4%
jordan david coussins
4%
lorenzo caledron travis winfrey
4%
marion cavanaugh karla droege
2%
No matching quizzes found
Score Distribution
Percent of People with Each Score
Percentile by Number Answered
Your Score History
You have not taken this quiz since the last reset